000
00210nam a22000857a 4500
003
SGT
245
_a
JOURNAL OF INDIAN ASSOCIATION OF PEDIATRIC SURGEONS
260
_a
INDIA
_b
WOLTERS KLUWER
_c
2018
942
_2
ddc
_c
BV
999
_c
24403
_d
24403